000 01016nam a2200241 a 4500
008 101111s2010 ||||||||||||||||| || u
020 _a9782869783164
050 _aCODESRIA(08)
100 _aDebrah, Emmanuel
245 1 2 _aA study of Ghana's electoral commission
_cby Emmanuel Debrah, E. Kojo Pumpuni Asante and Emmanuel Gyimah-Boadi
260 _aDakar, Senegal:
_bCouncil for the Development of Social Research in Africa (CODESRIA)
_c2010
300 _a27p.
350 _a0.00
362 1 _a<p>Governance and Institution-Building in Africa: No. 2, 2010</p>
490 _aCODESRIA research reports
490 _v2
500 _aBibliography
650 _aELECTIONS--GHANA
700 _aAsante, E. Kojo Pumpuni
700 _aGyimah-Boadi, Emmanuel
710 _aCouncil for the Development of Social Science Research in Africa (CODESRIA)
995 _FCBU-MAIN LIBRARY (Kitwe)
_I0.00
_M1
_UAVAILABLE
_WJan 15, 2014
_ZInternational Publications
999 _c58851
_d58851